000 00499nam a2200181Ia 4500
999 _c30225
_d30225
003 OSt
005 20210108154427.0
008 190216s9999||||xx |||||||||||||| ||und||
020 _a9789386440822
040 _coclc
082 _a894.812301
_bSHA/P
100 _aShahina, E K
_98272
245 0 _aPhantom Bath /
_cE K Shahina
260 _bGreen Books,
_c2017.
_aThrissur:
300 _a88p
650 _aMalayalam
942 _cBK
_2ddc
_h894.812301
_iSHA/P
_k894.812301
_mSHA/P